000 00318nam a22001457a 4500
020 _a978-81-8266-195-0
082 _a894.812.1
_bPAR/O
100 _aPARAMBIL LATHEEF
245 _aONAPPATTUKAL
260 _aKOZHIKODE
_bMATHRUBHUMI BOOKS
_c2015
300 _a184
520 _aPOETRY
650 _aPOETRY
942 _cBK
999 _c4538
_d4538